TH-SOF-0809-AN SSRSL APPROACH TO STATE ESTIMATION OF NONLINEAR SYSTEMS (Record no. 578603)

000 -LEADER
fixed length control field 00363nam a22001217a 4500
082 ## - DEWEY DECIMAL CLASSIFICATION NUMBER
Classification number 200 THE
100 ## - MAIN ENTRY--PERSONAL NAME
Personal name AZEEM IRSHAD
9 (RLIN) 15812
245 ## - TITLE STATEMENT
Title TH-SOF-0809-AN SSRSL APPROACH TO STATE ESTIMATION OF NONLINEAR SYSTEMS
260 ## - PUBLICATION, DISTRIBUTION, ETC.
Place of publication, distribution, etc. ISLAMABAD
Name of publisher, distributor, etc. NUST COLLEGE OF EME
Date of publication, distribution, etc. 2013
650 ## - SUBJECT ADDED ENTRY--TOPICAL TERM
Topical term or geographic name entry element MS-ELECT-67 MSTHESIS
700 ## - ADDED ENTRY--PERSONAL NAME
Personal name ADVISOR Dr Muhammad Salman
9 (RLIN) 72609
942 ## - ADDED ENTRY ELEMENTS (KOHA)
Koha item type Computer Files
Holdings
Withdrawn status Lost status Damaged status Not for loan Permanent Location Current Location Shelving location Date acquired Total Checkouts Full call number Barcode Date last seen Price effective from Koha item type
        College of Electrical & Mechanical Engineering (CEME) College of Electrical & Mechanical Engineering (CEME) Reference 02/27/2020   200 THE TH-SOF-0809 06/28/2021 06/28/2021 Computer Files
© 2023 Central Library, National University of Sciences and Technology. All Rights Reserved.